000 01278nam0a2200349 4500
001 RU\NLR\bibl\1871215
005 20260405143939.0
010 _a978-5-91910-079-9
_9500
021 _aRU
_b2012-3815
_9278
035 _a(nilc)RSL-KNO-005385101
035 _a(NLR Aleph) 001861056
090 _a2531991
_c2531991
100 _a20120206d2011 |||y0rusy50 ca
101 0 _arus
102 _aRU
105 _aa |||||||||
200 1 _aРусский флаг на Каспии
_eдва столетия Каспийской флотилии, сер. XVII - сер. XIX вв.
_fМ. А. Кирокосьян
210 _aАстрахань
_cСорокин Р. В.
_d2011
215 _a224, [1] с.
_cил., портр.
_d21
601 0 2 _aКаспийская военная флотилия
_xИстория
_92572153
_3RU\NLR\auth\661520988
610 0 _aфлот
686 _aТ3(2)4-54,02
_2rubbk
686 _aЦ66,8(2)12-13
686 _aЦ66,6(2)12-13
700 1 _4070
_8rus
_7ca
_aКирокосьян
_bМ. А.
_f1959-
_gМихаил Анатольевич
_3RU\NLR\AUTH\7759603
_942534
801 0 _aRU
_bRuMoRKP
_c20120206
_grcr
801 1 _aRU
_bРГБ
_c20120206
801 2 _aRU
_bNLR
_c20120217
_grcr
942 _cBOOK
980 _aNB
980 _aNBR